000 00379nam a2200169Ia 4500
100 _aAlpaydin/Ethem
650 _aMachine learning
942 _cBK
366 _f25
654 _amachine learning
245 _aIntroduction to Machine Learning
260 _bPrentice -Hall of India
_c2010
082 _bALP
300 _a537
546 _aENGLISH
_cComputers
999 _c21691
_d21691